000 00313nam a2200121Ia 4500
008 231129s9999||||xx |||||||||||||| ||spa||
020 _a958-9308-21-X
040 _bspa
082 _aR 642 M294
245 0 _aManual del mesero
264 _aEdiciones Gamma
942 _2ddc
_cBKS
999 _c20501
_d20501